000 01194cam a2200349 i 4500
001 20727021
003 OSt
005 20250610102100.0
008 181031s2020 nyua b 001 0 eng
010 _a 2018051192
020 _a9789353168469
020 _a9781260087956
_q(alk. paper)
020 _a1260087956
_q(bound edition)
020 _a9781260166477
_q(loose-leaf edition)
020 _a1260166473
_q(loose-leaf edition)
040 _aDLC
_beng
_cDLC
_erda
_dDLC
042 _apcc
050 0 0 _aHD45
_b.S3353 2020
082 0 0 _a658.4012
_bSCH/S
100 1 _aSchilling, Melissa A.
_eauthor.
_910589
245 1 0 _aStrategic management of technological innovation /
_cMelissa A. Schilling, New York University.
250 _aSixth edition.
264 1 _aNew York, NY :
_bMcGraw-Hill Education,
_c[2020]
300 _a365 pages :
_billustrations ;
_c25 cm
336 _atext
_btxt
_2rdacontent
337 _aunmediated
_bn
_2rdamedia
338 _avolume
_bnc
_2rdacarrier
650 0 _aTechnological innovations
_xManagement.
650 0 _aNew products
_xManagement.
650 0 _aStrategic planning.
942 _2ddc
_cBK
_h658.4012
_iSCH/S
_k658.4012
_mSCH/S
999 _c44488
_d44488